| 000 | 00898nam a22001337a 4500 | ||
|---|---|---|---|
| 040 | _cRUA | ||
| 082 | _aAVM SEK 2012 B102 Or.1 | ||
| 100 | _aSEK, SARUN. | ||
| 245 | _aEffect of cassava leaf neem leaf and betel nut on gastrointestinal nemathode parasites in crossbreed chicken (local with luong phuong), ប្រសិទ្ធភាពនៃការប្រើប្រាស់ស្លឹកដំឡូងមី ស្លឹកស្ដៅ និងគ្រាប់ស្លា ទៅលើព្រូនណេម៉ាតូតក្នុងក្រពះពោះវៀនមាន់ជូពលឿងភឿងបង្កាតត់ជាមួយមា់ពូជក្នុងស្រុក | ||
| 260 |
_aPhnom Penh _bRUA _c2012 |
||
| 300 |
_aviii; 39p. _bill. _c29cm. |
||
| 856 | _uhttps://drive.google.com/file/d/18YkVjzjCQau2cWKgPdHqLmaL1vIBEEj1/view?usp=sharing | ||
| 942 | _cAVM | ||
| 999 |
_c2624 _d2624 |
||